Sócrates lingua: proyecto educativo conjunto PEC
保存先:
| 第一著者: | |
|---|---|
| フォーマット: | 図書 |
| 言語: | スペイン語 |
| 出版事項: |
Luxemburgo
Unión Europea
1997
|
| 主題: | |
| タグ: |
タグ追加
タグなし, このレコードへの初めてのタグを付けませんか!
|
MARC
| LEADER | 00000nam a2200000 a 4500 | ||
|---|---|---|---|
| 001 | UCS9990 | ||
| 003 | CL-VaPUC | ||
| 008 | 971129e19970000LU |||||||||||||||||spa|d | ||
| 082 | 0 | 4 | |a 372.65 |b CRE |2 21 |
| 100 | 0 | |a Cresson, Edith |e author |9 395263 | |
| 245 | 1 | 0 | |a Sócrates lingua: proyecto educativo conjunto PEC |
| 300 | |a 68 p | ||
| 942 | |c BK | ||
| 945 | |d 19971129 00:00:00 |a jquezada | ||
| 260 | |a Luxemburgo |b Unión Europea |c 1997 | ||
| 650 | 0 | |a Lenguas |9 324269 | |
| 650 | 0 | |a Lenguas extranjeras |9 343620 | |
| 650 | 0 | |a Enseñanza |9 256457 | |
| 650 | 7 | |a PROYECTO EDUCATIVO |2 CL-VaPUC |9 388027 | |
| 583 | |a last modification |c 19971129 00:00:00 |k Rodrigo Vera | ||
| 999 | |c 263653 |d 263651 | ||
| 952 | |0 0 |1 0 |4 0 |6 372_650000000000000_CRE_1997 |7 0 |8 P |9 293012 |a BIBEDU |b BIBEDU |c BIBEDU_PB |d 2019-11-19 |i 3370763 |o 372.65 CRE 1997 |p 3370763 |r 2024-01-25 |w 2019-11-19 |y BK |k EDU | ||